| 000 | 00621nam a22002057a 4500 | ||
|---|---|---|---|
| 003 | SEACOMMC | ||
| 005 | 20231114091912.0 | ||
| 008 | 231114b |||||||| |||| 00| 0 eng d | ||
| 020 | _cRs. 250.00 | ||
| 040 | _aSEACOMMC | ||
| 082 |
_a004.16 _bLIL |
||
| 100 | 1 | _aLill, Yu-Cheng | |
| 245 | 1 |
_aMicrocomputer systems the 8086/8088 family _barchitecture, programming, and design _cYu-Cheng Lill and Glenn A. Gibson |
|
| 260 |
_aNew Delhi _bPrentice-Hall _c2005 |
||
| 650 | _aComputer science | ||
| 650 | _aData processing & computer science | ||
| 650 | _aMicrocomputer systems | ||
| 700 | 1 | _aGibson, Glenn A. | |
| 942 | _cBOOK | ||
| 999 |
_c487 _d487 |
||